[Event "RUS-ch Higher League 77th"]
[Site "Lipetsk"]
[Date "2025.07.04"]
[Round "8"]
[White "Temirbekov, Taimaz"]
[Black "Tuzov, Alexander"]
[Result "1-0"]
[WhiteElo "2342"]
[BlackElo "2252"]
[PlyCount "61"]
[EventDate "2025.06.26"]
[EventType "swiss"]
[EventRounds "9"]
[EventCountry "RUS"]
[SourceTitle "CB28_2025"]
[SourceDate "2025.07.09"]
[SourceVersion "1"]
[SourceVersionDate "2025.07.09"]
[SourceQuality "1"]

1. d4 Nf6 2. c4 c5 3. d5 e6 4. Nc3 exd5 5. cxd5 d6 6. g3 g6 7. Bg2 Bg7 8. Nf3 0-0 9. 0-0 Re8 10. Nd2 b6 11. a4 Ba6 12. Nb5 Bxb5 13. axb5 Nbd7 14. e4 Ne5 15. Qc2 c4 16. f4 Nd3 17. Nxc4 Nxc1 18. Raxc1 Rc8 19. Qd3 Qd7 20. Nd2 Rxc1 21. Rxc1 g5 22. fxg5 Ng4 23. Bh3 Nf2 24. Bxd7 Nxd3 25. Rc7 Bd4+ 26. Kf1 Re7 27. Nf3 Bxb2 28. Nh4 h5 29. Rc8+ Kh7 30. Bf5+ Kg7 31. e5 1-0